|
|
|
|
| LEADER |
01928cas a2200277 a 4500 |
| 001 |
AALejournalIMF008404 |
| 008 |
230101c9999 xx r poo 0 0eng d |
| 020 |
|
|
|c 5.00 USD
|
| 020 |
|
|
|z 9781451848199
|
| 022 |
|
|
|a 1018-5941
|
| 040 |
|
|
|a BD-DhAAL
|c BD-DhAAL
|
| 100 |
1 |
|
|a Kalonji, Kadima.
|
| 245 |
1 |
4 |
|a The Impact of External Indebtednesson Poverty in Low-Income Countries /
|c Kadima Kalonji, Boileau Loko, Raj Nallari, Montfort Mlachila.
|
| 264 |
|
1 |
|a Washington, D.C. :
|b International Monetary Fund,
|c 2003.
|
| 300 |
|
|
|a 1 online resource (26 pages)
|
| 490 |
1 |
|
|a IMF Working Papers
|
| 500 |
|
|
|a <strong>Off-Campus Access:</strong> No User ID or Password Required
|
| 500 |
|
|
|a <strong>On-Campus Access:</strong> No User ID or Password Required
|
| 506 |
|
|
|a Electronic access restricted to authorized BRAC University faculty, staff and students
|
| 520 |
3 |
|
|a This paper explores the relationship between external debt and poverty. A number of observers have argued that high external indebtedness is a major cause of poverty. Using the first-differenced general method of moments (GMM) estimator, the paper models the impact of external debt on poverty, measured by life expectancy, infant mortality, and gross primary enrollment rates, while duly taking into account the impact of external debt on income. The paper thus endeavors to bring together the literature that links external debt with income growth and poverty. The main conclusion is that once the effect of income on poverty has been taken into account, external indebtedness indicators have a limited but important impact on poverty.
|
| 538 |
|
|
|a Mode of access: Internet
|
| 700 |
1 |
|
|a Loko, Boileau.
|
| 700 |
1 |
|
|a Mlachila, Montfort.
|
| 700 |
1 |
|
|a Nallari, Raj.
|
| 830 |
|
0 |
|a IMF Working Papers; Working Paper ;
|v No. 2003/061
|
| 856 |
4 |
0 |
|z Full text available on IMF
|u http://elibrary.imf.org/view/journals/001/2003/061/001.2003.issue-061-en.xml
|z IMF e-Library
|